|
|
|
|
| LEADER |
00000nab a2200000 a 4500 |
| 001 |
vtls000641957 |
| 003 |
SK-MaSNL |
| 005 |
20260305014839.0 |
| 008 |
160401c1997 xo 0 slo |
| 015 |
|
|
|a SNBRB19rr/mm-uuuuu
|
| 035 |
|
|
|a CL0642096
|
| 040 |
|
|
|a SNKBUCL
|b slo
|c SNKBUCL
|e AACR2
|
| 041 |
0 |
|
|a slo
|
| 044 |
|
|
|a xo
|c SK
|
| 080 |
|
|
|a 264-041.1:282
|2 1981
|
| 080 |
|
|
|a 282
|2 1981
|
| 100 |
1 |
|
|a Rábek, František,
|d 1949-
|4 aut
|9 249734
|
| 245 |
1 |
0 |
|a Druhý rok trojročného adventu
|c František Rábek
|
| 610 |
2 |
7 |
|a Rímskokatolícka cirkev
|2 snkbucl
|9 32394
|
| 650 |
0 |
7 |
|a advent
|2 snkbucl
|9 738
|
| 655 |
|
7 |
|a články z novín a časopisov
|2 snkbucl
|9 267496
|
| 773 |
0 |
|
|x 0139-8512
|t Katolícke noviny
|g Roč. 112, č. 50 (1997), s. 4
|
| 850 |
|
|
|a Slovenská národná knižnica v Martine
|a MTA001
|
| 852 |
|
|
|a SNK
|b KIS3GCP
|
| 958 |
|
|
|a RK
|
| 958 |
|
|
|a RBX
|
| 999 |
|
|
|c 3271721
|d 3273651
|